Catalog

Record Details

Catalog Search



The insider threat : a Pike Logan thriller  Cover Image Book Book

The insider threat : a Pike Logan thriller / Brad Taylor.

Summary:

The United States has anticipated and averted countless attacks from terrorist groups--thanks in large part to the extralegal counterterrorist unit known as the Taskforce. But in The Insider Threat, a much more insidious evil is about to shatter the false sense of safety surrounding civilized nations. While world powers combat ISIS on the battlefield, a different threat is set in motion by the group--one that can't be defeated by an airstrike. Off the radar of every Western intelligence organization, able to penetrate America or any European state, they intend to commit an act of unimaginable barbarity. Only Pike Logan and the Taskforce stand in the way of an attack no one anticipates, a grand deception that will wreak unthinkable chaos and reverberate throughout the Western world.--Dust jacket.

Record details

  • ISBN: 9781101984536
  • ISBN: 1101984538
  • ISBN: 9780525954903
  • ISBN: 0525954902
  • ISBN: 9780451477187
  • ISBN: 0451477189
  • Physical Description: 417 pages ; 24 cm.
  • Publisher: New York, New York : Dutton, 2016, ©2015.
Subject: Terrorism > Fiction.
Special forces (Military science) > Fiction.
Genre: Suspense fiction.
Thrillers (Fiction)

LDR 02101nam a2200397Mi 4500
001145855
003CONS
00520180227084913.0
008150316s2015 nyu 000 1 eng d
010 . ‡a 2015009129
020 . ‡a9781101984536 ‡q(softcover)
020 . ‡a1101984538 ‡q(softcover)
020 . ‡a9780525954903 ‡q(hardcover)
020 . ‡a0525954902 ‡q(hardcover)
020 . ‡a9780451477187
020 . ‡a0451477189
035 . ‡a(CPomAG)LMN604374
05000. ‡aPS3620.A9353 ‡bI57 2015
08200. ‡a813/.6 ‡223
1001 . ‡aTaylor, Brad, ‡d1965-
24514. ‡aThe insider threat : ‡ba Pike Logan thriller / ‡cBrad Taylor.
264 1. ‡aNew York, New York : ‡bDutton, ‡c2016, ©2015.
300 . ‡a417 pages ; ‡c24 cm.
336 . ‡atext ‡btxt ‡2rdacontent
337 . ‡aunmediated ‡bn ‡2rdamedia
338 . ‡avolume ‡bnc ‡2rdacarrier
4901 . ‡aA Pike Logan thriller
520 . ‡aThe United States has anticipated and averted countless attacks from terrorist groups--thanks in large part to the extralegal counterterrorist unit known as the Taskforce. But in The Insider Threat, a much more insidious evil is about to shatter the false sense of safety surrounding civilized nations. While world powers combat ISIS on the battlefield, a different threat is set in motion by the group--one that can't be defeated by an airstrike. Off the radar of every Western intelligence organization, able to penetrate America or any European state, they intend to commit an act of unimaginable barbarity. Only Pike Logan and the Taskforce stand in the way of an attack no one anticipates, a grand deception that will wreak unthinkable chaos and reverberate throughout the Western world.--Dust jacket.
650 0. ‡aTerrorism ‡vFiction.
650 0. ‡aSpecial forces (Military science) ‡vFiction.
655 7. ‡aSuspense fiction. ‡2gsafd
655 7. ‡aThrillers (Fiction) ‡2lcgft
8001 . ‡aTaylor, Brad, ‡d1965- ‡tPike Logan thriller.
914 . ‡aSCP_kt
959 . ‡i32269001046708 ‡lF Tay ‡aAdult - Fiction ‡tFiction ‡g16.00
852 . ‡p32269001046708 ‡jF Tay ‡gAdult - Fiction ‡cFiction ‡y16.00 ‡bSBPL
901 . ‡a145855 ‡bUnknown ‡c145855 ‡tbiblio

Additional Resources